Lataa...

Ancient Indian economic thought : relevance for today /

Economic thought in Arthaśāstra by Kauṭalya and Mānavadharmaśāstra by Manu, two ancient Hindu texts and its relevance in the globalized arena.

Bibliografiset tiedot
Päätekijä: Basu, Ratan Lal
Muut tekijät: Sen, Raj Kumar
Aineistotyyppi: Printed Book
Kieli:English
Julkaistu: Jaipur : Rawat Publications, 2008.
Aiheet:
LEADER 00946cam a22002294a 4500
005 20160107123644.0
008 160107b xxu||||| |||| 00| 0 eng d
020 |a 9788131601259 
082 |a 338.954 BAS 
100 1 |a Basu, Ratan Lal 
245 1 0 |a Ancient Indian economic thought :  |b relevance for today /  |c Ratan Lal Basu, Raj Kumar Sen 
260 |a Jaipur :  |b Rawat Publications,  |c 2008. 
300 |a 199p. 
520 |a Economic thought in Arthaśāstra by Kauṭalya and Mānavadharmaśāstra by Manu, two ancient Hindu texts and its relevance in the globalized arena. 
600 0 0 |a Manu  |c (Lawgiver). 
600 0 0 |a Kauṭalya 
650 0 |a Globalisation 
650 0 |a Economics 
700 1 |a Sen, Raj Kumar 
942 |2 ddc  |c BK 
999 |c 13610  |d 13610 
952 |0 0  |1 0  |2 ddc  |4 0  |6 338_954000000000000_BAS  |7 0  |9 19397  |a MAIN  |b MAIN  |d 2016-01-07  |e Modern Book Centre, Thiruvananthapuram  |g 550.00  |l 2  |o 338.954 BAS  |p 19438  |r 2020-03-18  |s 2020-03-13  |t 1  |w 2016-01-07  |y BK